Clubs de football commençant par R - Statistiques

Statistiques générales
  • Ce quiz a été pris 368 fois
  • Le résultat moyen est 11 sur 20
Statistiques - réponses
Par images Réponse % Correct
Real Madrid
100%
Reims
94%
Real Sociedad
93%
Racing Club de Lens
92%
Red Star
88%
River Plate
79%
RB Leipzig
76%
Rayo Vallecano
75%
Rodez Aveyron
75%
Racing Club
55%
Reading
49%
Rosenborg
42%
Rio Ave
39%
Rapid Vienne
34%
Rubin Kazan
22%
Royal Charleroi
18%
Reggina
15%
Randers FC
11%
Rizespor
10%
Rosario Central
6%
Aucun quiz correspondant
Distribution des résultats
% des personnes avec chaque résultat
Percentile par nombre de réponses
Votre historique - résultats
Vous n’avez pas pris ce quiz